000 00648nam a2200193Ii 4500
003 JO-AjNU
008 230605s9999||||xx |||||||||||||| ||und||
040 _aJO-AjNU
_bara
_erda
_cJO-AjNU
041 _aara
050 1 4 _aBP161.2.S2
100 3 _aسابق، السيد,
_eauthor
_941219
245 0 0 _aإسلامنا
264 3 1 _aبيروت:دار الكتاب العربي،1985
300 _a312ص
_bفهرس الاحاديث من ص 298-ص312
336 _atext
_btxt
_2rdacontent
337 _aunmediated
_bn
_2rdamedia
338 _avolume
_bnc
_2rdacarrier
650 4 _aالاسلام-متفرقات-الثقافة الاسلامية
_941220
999 _aA17556
_c21124
_d21124